Los bohemios (Record no. 171297)

MARC details
000 -LEADER
campo de control de longitud fija 00857nam a22001815i 4500
001 - NÚMERO DE CONTROL
campo de control 171297
003 - IDENTIFICADOR DE NÚMERO DE CONTROL
campo de control ES-MaACL
005 - FECHA Y HORA DE LA ÚLTIMA TRANSACCIÓN
campo de control 20251114121411.0
008 - DATOS DE LONGITUD FIJA--INFORMACIÓN GENERAL
campo de control de longitud fija 090508s1878 sp |||| | spa d
100 1# - ENTRADA PRINCIPAL--NOMBRE DE PERSONA
Nombre de persona Chacel, Mariano.
9 (RLIN) 140067
245 14 - MENCIÓN DEL TÍTULO
Título Los bohemios
Resto del título : pasillo lirico-bufo en un acto y en verso /
Mención de responsabilidad, etc. original de Mariano Chacel ; música de Rafael Taboada.
260 ## - PUBLICACIÓN, DISTRIBUCIÓN, ETC.
Lugar de publicación, distribución, etc. Madrid :
Nombre del editor, distribuidor, etc. [s.n.],
Fecha de publicación, distribución, etc. 1878 (
Fabricante Est. tip. de J. C. Conde y Cia.)
300 ## - DESCRIPCIÓN FÍSICA
Extensión 31 p. ;
Dimensiones 18 cm.
500 ## - NOTA GENERAL
Nota general En port.: Estrando con extraordinario éxito en el teatro Eslava la noche del 5 de abril de 1878.
700 1# - ENTRADA AGREGADA--NOMBRE PERSONAL
Nombre de persona Taboada, Rafael,
Fechas asociadas al nombre 1837-1914
9 (RLIN) 133103
852 ## - LOCALIZACIÓN
Ubicación ES-MaACL
Número de control de estantería F-8599(6)
Nota libre .- Enc. pasta española
condición física .- Falto de la cub. original
Nota libre .- Enc. en un vol. facticio formando parte de la col. facticia "Teatro español moderno", vol. 52
Holdings
Estatus retirado Estado de pérdida Estado de daño No para préstamo Colección Biblioteca de origen Biblioteca actual Ubicación en estantería Fecha de adquisición Fuente de adquisición Total de préstamos Signatura topográfica completa Código de barras Visto por última vez Precio de reemplazo Tipo de ítem Koha
        Libros del s. XIX Biblioteca del Ateneo de Madrid Biblioteca del Ateneo de Madrid Sala Pecera Planta 2 08/05/2009     F-8599(6) 1179765 23/02/2023 23/02/2023 Libro impreso antiguo